Pętle tramwajowe w Poznaniu - Statystyki

Ogólne statystyki
  • Ten quiz został rozwiązany 64 razy
  • Średni wynik to 13 z 17
Statystyki odpowiedzi
Nr. Nazwa pętli % Poprawnych
6 Junikowo
93%
13 Starołęka
93%
4 Franowo
91%
5 Górczyn
91%
9 Os. Jana III Sobieskiego
91%
3 Dębiec
89%
8 Ogrody
87%
7 Miłostowo
81%
1 Błażeja
80%
10 Piątkowska
80%
15 Unii Lubelskiej
78%
2 Budziszyńska
76%
17 Zawady
76%
12 Połabska
69%
11 Plac Wielkopolski
54%
14 Starołęka Mała (Stomil)
52%
16 Wilczak
52%
Nie znaleziono quizów pasujących do podanych kryteriów
Rozkład punktacji
Procent ludzi z każdym wynikiem
Percentyl według liczby udzielonych odpowiedzi
Twoja historia wyników
Nie rozwiązałeś tego quizu